Arthurian literature in the Middle Ages (Record no. 26323)
[ view plain ]
| 000 -LEADER | |
|---|---|
| campo de control de longitud fija | 00556nam a2200181 i 4500 |
| 001 - NÚMERO DE CONTROL | |
| campo de control | 26323 |
| 003 - IDENTIFICADOR DE NÚMERO DE CONTROL | |
| campo de control | ES-MaACL |
| 005 - FECHA Y HORA DE LA ÚLTIMA TRANSACCIÓN | |
| campo de control | 20230906153425.0 |
| 007 - CAMPO FIJO DE DESCRIPCIÓN FÍSICA--INFORMACIÓN GENERAL | |
| campo de control de longitud fija | t| |
| 008 - DATOS DE LONGITUD FIJA--INFORMACIÓN GENERAL | |
| campo de control de longitud fija | 030108s1979 xxk ||||1| eng d |
| 020 ## - NÚMERO INTERNACIONAL ESTÁNDAR DEL LIBRO | |
| Número Internacional Estándar del Libro | 0-19-811588-1 |
| 245 00 - MENCIÓN DEL TÍTULO | |
| Título | Arthurian literature in the Middle Ages |
| Resto del título | : a collaborative history / |
| Mención de responsabilidad, etc. | edited by Roger Sherman Loomis. |
| 260 ## - PUBLICACIÓN, DISTRIBUCIÓN, ETC. | |
| Lugar de publicación, distribución, etc. | Oxford : |
| Nombre del editor, distribuidor, etc. | Clarendon Press, |
| Fecha de publicación, distribución, etc. | 1979. |
| 300 ## - DESCRIPCIÓN FÍSICA | |
| Extensión | XVI, 574 p., 8 lám. ; |
| Dimensiones | 24 cm. |
| 500 ## - NOTA GENERAL | |
| Nota general | Indice. |
| 700 1# - ENTRADA AGREGADA--NOMBRE PERSONAL | |
| Nombre de persona | Loomis, Roger Sherman. |
| 9 (RLIN) | 73264 |
| 852 ## - LOCALIZACIÓN | |
| Ubicación | ES-MaACL |
| Número de control de estantería | L-11626 |
| Sublocalización o colección | R.113574 |
| Estatus retirado | Estado de pérdida | Estado de daño | No para préstamo | Biblioteca de origen | Biblioteca actual | Ubicación en estantería | Fecha de adquisición | Fuente de adquisición | Total de préstamos | Signatura topográfica completa | Código de barras | Visto por última vez | Precio de reemplazo | Tipo de ítem Koha |
|---|---|---|---|---|---|---|---|---|---|---|---|---|---|---|
| Biblioteca del Ateneo de Madrid | Biblioteca del Ateneo de Madrid | Depósito 2 | 17/01/2008 | L-11626 | 1027165 | 23/02/2023 | 23/02/2023 | Libro impreso |
